Analytical models and numerical simulations of quasi-one-dimensional heat transfer

Salvato in:
Dettagli Bibliografici
Autore principale: Bulatovič, Goran (Autore)
Altri autori: Bokes, Peter (Relatore della tesi)
Natura: Manoscritto Libro
Lingua:slovacco
inglese
Pubblicazione: Bratislava : STU v Bratislave FEI, 2025
Soggetti:
Accesso online:https://opac.crzp.sk/?fn=detailBiblioFormChildQIQFF&sid=68B910E799EADD7B02713BCCC4B9&seo=CRZP-detail-kniha
Tags: Aggiungi Tag
Nessun Tag, puoi essere il primo ad aggiungerne!!

MARC

LEADER 00000ntm a22000003a 4500
001 stuzp86471
003 SK-STU
005 20250625141339.0
007 ta
008 150427s2015----xo-----f-mn---000-0-slo-d
040 |a STU  |b slo 
041 0 |a eng 
044 |a xo 
100 1 |a Bulatovič, Goran  |u 036000  |k Z8  |4 aut  |U FEI Fakulta elektrotechniky a informatiky  |T FEI Ústav jadrového a fyzikálneho inžinierstva  |X 117000  |U E060  |Y 817  |7 117000 
242 0 1 |a Analytické modely a numerické simulácie kvázi jednorozmerného prenosu tepla  |y slo 
245 1 0 |a Analytical models and numerical simulations of quasi-one-dimensional heat transfer 
260 |a Bratislava :  |b STU v Bratislave FEI,  |c 2025 
300 |a 127 s., príl. 
650 4 |a kvázi jednorozmerný  |2 slo 
650 4 |a vynutie transformátora  |2 slo 
650 4 |a premenlivý priečný prierez  |2 slo 
650 4 |a slučka prirodzeného prúdenia  |2 slo 
650 4 |a metóda konečných prvkov  |2 slo 
650 4 |a metóda konečných objemov  |2 slo 
650 4 |a quasi-one-dimensional  |2 eng 
650 4 |a transformer winding  |2 eng 
650 4 |a changing cross section  |2 eng 
650 4 |a natural convection loop  |2 eng 
650 4 |a finite element method  |2 eng 
650 4 |a finite volume method  |2 eng 
700 1 |a Bokes, Peter  |u 036000  |k Z1  |4 ths  |U FEI Fakulta elektrotechniky a informatiky  |T FEI Ústav jadrového a fyzikálneho inžinierstva  |X 4237  |U E060  |Y 817  |7 A000004237 
856 4 |u https://opac.crzp.sk/?fn=detailBiblioFormChildQIQFF&sid=68B910E799EADD7B02713BCCC4B9&seo=CRZP-detail-kniha